| 000 | 00640nam a2200205 i 4500 | ||
|---|---|---|---|
| 001 | 82414 | ||
| 003 | ES-MaACL | ||
| 005 | 20240523153403.0 | ||
| 007 | t| | ||
| 008 | 041110s1958 sp ||||1| spa d | ||
| 100 | 1 |
_aIgual Ubeda, Antonio. _965156 |
|
| 245 | 1 | 0 |
_aFray Junípero Serra / _cpor Antonio Igual Ubeda. |
| 260 |
_aBarcelona : _bSeix Barral, _c1958. |
||
| 300 |
_a143 p., 10 lám. ; _c19 cm. |
||
| 490 | 1 | _aVidas de grandes hombres | |
| 600 | 1 | 7 |
_aJunípero Serra, _cSanto, _d1713-1784 _2 _9153812 |
| 830 | 0 |
_aVidas de grandes hombres _9183755 |
|
| 852 |
_aES-MaACL _jC-15934 _bR.42276 |
||
| 999 |
_c82414 _d82414 |
||